|
|
|
|
| LEADER |
00000nab a2200000ua 4500 |
| 001 |
vtls010792830 |
| 003 |
SK-MaSNL |
| 005 |
20260303185339.0 |
| 008 |
230222s2006 xo |||||||||||||||||eng| |
| 035 |
|
|
|a (urnnbn)urn:nbn:sk:snk:ar-a02844
|
| 035 |
|
|
|a (uuid)d835cbe1-5984-49a7-bf97-d04a813462ff
|
| 035 |
|
|
|a urn:nbn:sk:snk-ab4hs5
|
| 040 |
|
|
|a SNKBUCL
|b slo
|c SNKBUCL
|e AACR2
|
| 041 |
0 |
|
|a eng
|
| 044 |
|
|
|a xo
|c SK
|
| 100 |
1 |
|
|a Kollerová, Edita
|4 aut
|9 5995
|
| 245 |
1 |
0 |
|a PH MODULATING ACTIVITY OF ION CHANNELS OF INFLUENZA A, B, AND C VIRUSES
|c E. Kollerová, T. Betáková
|
| 700 |
1 |
|
|a Betáková, Tatiana,
|d 1963-
|4 aut
|9 259151
|
| 773 |
0 |
|
|t Acta virologica : international journal
|g Roč. 50, č. 3 (2006), s. 187-193
|
| 958 |
|
|
|a OND
|
| 958 |
|
|
|a EUIPO
|
| 958 |
|
|
|a article3
|
| 999 |
|
|
|c 2130899
|d 2132829
|